Geography of Tourism/ (Record no. 214775)
[ view plain ]
| 000 -LEADER | |
|---|---|
| fixed length control field | 00798nam a22002417a 4500 |
| 005 - DATE AND TIME OF LATEST TRANSACTION | |
| control field | 20260210170050.0 |
| 010 ## - LCCN (DPL NO) | |
| LC control number | ENG-147781 |
| 020 ## - INTERNATIONAL STANDARD BOOK NUMBER | |
| International Standard Book Number | 9788198953025 |
| Terms of availability | 300.00 |
| 035 ## - SYSTEM CONTROL NUMBER | |
| System control number | EN-131313 |
| 037 ## - SOURCE OF ACQUISITION | |
| Source of stock number/acquisition | DBAD |
| 082 ## - DEWEY DECIMAL CLASSIFICATION NUMBER | |
| Classification number | 338.4791 |
| Edition number | 1 |
| 245 ## - TITLE STATEMENT | |
| Title | Geography of Tourism/ |
| Statement of responsibility, etc | Edited By Moushumi Datta; Amrita Aggarwal [and] Ashley Fernandesd |
| 250 ## - EDITION STATEMENT | |
| Edition statement | 1 |
| 260 ## - PUBLICATION, DISTRIBUTION, ETC. (IMPRINT) | |
| Place of publication, distribution, etc | Mumbai |
| Name of publisher, distributor, etc | Khandwala Publishing House |
| Date of publication, distribution, etc | 2025 |
| 270 ## - ADDRESS | |
| Address | Nagindas, Khandwala College-Empowered Autonomous, Malasd West |
| City | Mumbai |
| Postal code | 400064 |
| 300 ## - PHYSICAL DESCRIPTION | |
| Extent | 91p. |
| Dimensions | 22cm(pb) |
| 500 ## - GENERAL NOTE | |
| General note | F.Y.B.A. -Semester II |
| 700 ## - ADDED ENTRY--PERSONAL NAME | |
| Personal name | Datta, Moushumi |
| Relator term | Editor |
| 9 (RLIN) | 87256 |
| 700 ## - ADDED ENTRY--PERSONAL NAME | |
| Personal name | Aggarwal, Amrita |
| Relator term | Editor |
| 9 (RLIN) | 87257 |
| 700 ## - ADDED ENTRY--PERSONAL NAME | |
| Personal name | Fernandes, Ashley |
| Relator term | Editor |
| 9 (RLIN) | 87258 |
| 760 ## - MAIN SERIES ENTRY | |
| Edition | 1 |
| 942 ## - ADDED ENTRY ELEMENTS (KOHA) | |
| Source of classification or shelving scheme | Dewey Decimal Classification |
| Item type | English Books |
| Classification part | 338.4791 |
| Call number suffix | GEO |
| Edition | 1 |
| Withdrawn status | Lost status | Not for loan | Collection code | Home library | Current library | Date acquired | Source of acquisition | Cost, normal purchase price | Full call number | Barcode | Copy number | Cost, replacement price | Koha item type |
|---|---|---|---|---|---|---|---|---|---|---|---|---|---|
| Non-fiction | Janak Puri | Janak Puri | 10/02/2026 | Delivery of Books Act Division | 300.00 | 338.4791 GEO | EN-131313 | 1 | 300.00 | English Books |
